A Railway Station in every County - UK - Statistics

General Stats
  • This quiz has been taken 144 times
  • The average score is 44 of 103
Answer Stats
Hint Answer % Correct
Penzance Cornwall
81%
Exeter Central Devon
80%
Luton Airport Parkway Bedfordshire
78%
Clapham Junction Greater London
74%
Watford Junction Hertfordshire
72%
Hull East Riding of Yorkshire
68%
Sunderland Tyne and Wear
66%
Slough Berkshire
64%
Berwick-upon-Tweed Northumberland
64%
Wolverhampton West Midlands
64%
Wakefield Westgate West Yorkshire
64%
Portsmouth & Southsea Hampshire
63%
Poole Dorset
62%
Colchester Essex
62%
Cheltenham Spa Gloucestershire
62%
Ashford International Kent
62%
Preston Lancashire
62%
Great Yarmouth Norfolk
62%
Telford Central Shropshire
62%
Loughborough Leicestershire
61%
Rotherham Central South Yorkshire
61%
Stoke-on-Trent Staffordshire
61%
Salisbury Wiltshire
61%
Crewe Cheshire
60%
Kendal Cumbria
60%
Yeovil Junction Somerset
60%
Milton Keynes Central Buckinghamshire
59%
Peterborough Cambridgeshire
58%
Hastings East Sussex
58%
Skegness Lincolnshire
58%
Southport Merseyside
58%
Woking Surrey
57%
Stockport Greater Manchester
56%
Leamington Spa Warwickshire
56%
Bury St Edmunds Suffolk
55%
Haymarket Edinburgh
54%
Oakham Rutland
54%
Buxton Derbyshire
52%
Ryde Pier Head Isle of Wight
52%
Kettering Northamptonshire
52%
Worthing West Sussex
52%
Avonmouth City of Bristol
51%
Didcot Parkway Oxfordshire
51%
Darlington Durham
49%
Leominster Herefordshire
47%
Liverpool Street City of London
46%
Great Malvern Worcestershire
46%
Ballymena Antrim
44%
Llanfairpwllgwyngyllgogerychwyrndrobwllllantysiliogogogoch Isle of Anglesey
43%
Stonehaven Aberdeenshire
42%
Thurso Highland
42%
Newark Castle Nottinghamshire
42%
Milford Haven Pembrokeshire
41%
Llandudno Conwy
39%
Chepstow Monmouthshire
39%
Ebbw Vale Town Blaenau Gwent
37%
Aberyswyth Ceredigion
37%
Partick Glasgow
36%
Stranraer Dumfries and Galloway
35%
Dunfermline City Fife
35%
Galashiels Scottish Borders
35%
Barry Island Vale of Glamorgan
35%
Dunbar East Lothian
34%
Porthmadog Gwynedd
34%
Welshpool Powys
34%
Rhyl Denbighshire
33%
Ribblehead North Yorkshire
33%
Gowerton Swansea
33%
Arbroath Angus
32%
Llanelli Carmarthenshire
32%
Shotton Flintshire
32%
Newry Armagh
31%
Radyr Cardiff
28%
Kilmarnock East Ayrshire
28%
Pontypridd Rhondda Cynon Taf
27%
Dunblane Stirling
27%
Maesteg Bridgend
26%
Alloa Clackmannanshire
26%
Titanic Quarter Down
26%
Cwmbran Torfaen
26%
Ruabon Wrexham
26%
Elgin Moray
25%
Largs North Ayrshire
25%
Pitlochry Perth and Kinross
25%
Dyce Aberdeen City
24%
Briton Ferry Neath Port Talbot
24%
Broughty Ferry Dundee City
23%
Helensburgh Central Argyll and Bute
22%
Rhymney Caerphilly
22%
Larbert Falkirk
21%
Rogerstone Newport
21%
Bathgate West Lothian
20%
Coatbridge Central North Lanarkshire
19%
Paisley Gilmour Street Renfrewshire
18%
Clydebank West Dunbartonshire
18%
Milngavie East Dunbartonshire
17%
Pentre-bach Merthyr Tydfil
17%
Troon South Ayrshire
17%
Wemyss Bay Inverclyde
16%
Coleraine Derry/Londonderry
14%
Barrhead East Renfrewshire
14%
Newtongrange Midlothian
14%
East Kilbride South Lanarkshire
13%
No matching quizzes found
Score Distribution
Percent of People with Each Score
Percentile by Number Answered
Your Score History
You have not taken this quiz